|
|
|
|
| LEADER |
00000cam a2200000 7i4500 |
| 001 |
0000002605 |
| 005 |
20030827.0 |
| 020 |
0 |
0 |
|a 9832088089
|
| 090 |
0 |
0 |
|a 583.69072
|b FAR 2003
|
| 100 |
0 |
0 |
|a FARIDAH Yusof
|
| 245 |
1 |
4 |
|a The biosynthesis of rubber in Hevea brasiliensis
|c by Faridah Yusof and Chow Keng See
|
| 260 |
0 |
0 |
|a Kuala Lumpur :
|b Malaysian Rubber Board ,
|c 2003
|
| 300 |
|
|
|a 27 p. :
|b ill. ;
|c 23 cm.
|
| 440 |
0 |
0 |
|a Malaysian Rubbeer Board monograph; no. 4
|
| 500 |
0 |
0 |
|a Bibliography : p. 20-27
|
| 650 |
0 |
0 |
|a Hevea
|
| 650 |
0 |
0 |
|a Plant biotechnology
|
| 650 |
0 |
0 |
|a Protein biosynthesis
|
| 700 |
0 |
1 |
|a Chow
|h Keng See
|
| 710 |
1 |
1 |
|a Lembaga Getah Malaysia
|
| 998 |
|
|
|a JPSM
|
| 999 |
|
|
|a 0000003765
|b Monograph
|c Open Shelf
|e Default branch
|
| 999 |
|
|
|a 0000004696
|b Monograph
|c Open Shelf
|e Default branch
|